Economics/ (Record no. 8853)
[ view plain ]
| 000 -LEADER | |
|---|---|
| fixed length control field | 00849nac a22002411u 4500 |
| 020 ## - INTERNATIONAL STANDARD BOOK NUMBER | |
| International Standard Book Number | 9780077107758 |
| 082 ## - DEWEY DECIMAL CLASSIFICATION NUMBER | |
| Classification number | 330 |
| Item number | BEG |
| 090 ## - LOCALLY ASSIGNED LC-TYPE CALL NUMBER (OCLC); LOCAL CALL NUMBER (OCLC) | |
| -- | 8853 |
| -- | 8853 |
| 100 ## - MAIN ENTRY--PERSONAL NAME | |
| Personal name | Begg, David K. |
| 245 ## - TITLE STATEMENT | |
| Title | Economics/ |
| Statement of responsibility, etc | David Begg, Stanley Fischer, Rudiger Dornbusch. |
| 246 ## - VARYING FORM OF TITLE | |
| Title proper/short title | 8th ed. |
| 260 ## - PUBLICATION, DISTRIBUTION, ETC. (IMPRINT) | |
| Place of publication, distribution, etc | Maidenhead : |
| Name of publisher, distributor, etc | McGraw-Hill Education, 2005. |
| Date of publication, distribution, etc | 2005 |
| 300 ## - PHYSICAL DESCRIPTION | |
| Extent | xxix, 674 p. : |
| Other physical details | col. ill. ; |
| Dimensions | 27 cm. |
| 500 ## - GENERAL NOTE | |
| General note | disributer: Baccah |
| 504 ## - BIBLIOGRAPHY, ETC. NOTE | |
| Bibliography, etc | Includes bibliographical references and index |
| 511 ## - PARTICIPANT OR PERFORMER NOTE | |
| Participant or performer note | catalogued by: wessam |
| 650 ## - SUBJECT ADDED ENTRY--TOPICAL TERM | |
| Topical term or geographic name as entry element | Economics. |
| 650 ## - SUBJECT ADDED ENTRY--TOPICAL TERM | |
| Topical term or geographic name as entry element | Economics |
| Form subdivision | Problems, exercises, etc. |
| 700 ## - ADDED ENTRY--PERSONAL NAME | |
| Personal name | Fischer, Stanley |
| 700 ## - ADDED ENTRY--PERSONAL NAME | |
| Personal name | Dornbusch, Rudiger |
| 942 ## - ADDED ENTRY ELEMENTS (KOHA) | |
| Item type | Book - Borrowing |
| Call number prefix | 330BEG |
| Withdrawn status | Item status | Damaged status | Not for loan | Home library | Current library | Shelving location | Date acquired | Source of acquisition | Total Checkouts | Total Renewals | Full call number | Barcode | Date last seen | Date last borrowed | Koha item type |
|---|---|---|---|---|---|---|---|---|---|---|---|---|---|---|---|
| Central Library | Central Library | First floor | 26/03/2008 | Purchase | 3 | 2 | 330BEG | 000010401 | 15/07/2025 | 13/03/2012 | Book - Borrowing |